Statistiques concernant Rapide Typage A à Z Par Ordre Alphabétique

Cliquez ici pour prendre le quiz!

Statistiques générales

  • Ce quiz a été pris 831 fois
  • Le résultat moyen est 23 sur 26

Statistiques - réponses

lettre% Correct
A
100%
B
98%
C
96%
D
96%
E
96%
F
95%
G
95%
H
95%
I
94%
J
94%
K
93%
L
93%
M
93%
N
89%
O
89%
P
89%
Q
87%
R
86%
S
86%
T
86%
U
84%
V
83%
W
82%
X
80%
Y
78%
Z
77%

Distribution des résultats

Percentile par nombre de réponses

% des personnes avec chaque résultat

Votre développement - résultats

Vous n’avez pas pris ce quiz